| 000 | 00776nam a2200181 4500 | ||
|---|---|---|---|
| 999 |
_c2905 _d2905 |
||
| 001 | 3568 | ||
| 005 | 20190920123926.0 | ||
| 008 | 190920b ||||| |||| 00| 0 eng d | ||
| 020 | 0 | 0 | _a9789993614170 |
| 090 | 0 | 0 | _a945.98092 K521-1 2008 |
| 245 | 0 | 0 | _aའབྲུག་བརྒྱུད་འཛིན་གྱི་རྒྱལ་མཆོག་དང་པ་མི་དབང་ཨྱོན་དབང་ཕྱུག་གི་རྟོགས་བརྗོད་བཞུགས་སོ། |
| 246 | _a[Biography of 1st King Ugyen Wangchuck]. | ||
| 260 | 0 | 0 |
_a[Thimphu] : _bCentre for Bhutan Studies, _c2008. |
| 300 | 0 | 0 | _a245 p. ; 25 cm. |
| 600 |
_aUgyen Wangchuck, _cIst King of Bhutan. |
||
| 651 | _aBhutan --Kings and rulers --Biography. | ||
| 942 |
_2ddc _cDZONGKHA |
||